Tips for IELTS : (Record no. 14731)
[ view plain ]
| 000 -LEADER | |
|---|---|
| fixed length control field | 01149cam a22002775i 4500 |
| 003 - CONTROL NUMBER IDENTIFIER | |
| control field | EG-ScBUE |
| 005 - DATE AND TIME OF LATEST TRANSACTION | |
| control field | 20191231141851.0 |
| 008 - FIXED-LENGTH DATA ELEMENTS--GENERAL INFORMATION | |
| fixed length control field | 100929s2006 enka f 000 0 eng d |
| 020 ## - INTERNATIONAL STANDARD BOOK NUMBER | |
| International Standard Book Number | 1405096160 |
| 020 ## - INTERNATIONAL STANDARD BOOK NUMBER | |
| International Standard Book Number | 9781405096164 |
| 040 ## - CATALOGING SOURCE | |
| Original cataloging agency | EG-ScBUE |
| Language of cataloging | eng |
| Description conventions | rda |
| Transcribing agency | EG-ScBUE |
| Modifying agency | EG-ScBUE |
| 082 04 - DEWEY DECIMAL CLASSIFICATION NUMBER | |
| Classification number | 428.24076 |
| Item number | MCC |
| Edition number | 22 |
| 100 1# - MAIN ENTRY--PERSONAL NAME | |
| Personal name | McCarter, Sam, |
| Relator term | author. |
| 9 (RLIN) | 19942 |
| 245 10 - TITLE STATEMENT | |
| Title | Tips for IELTS : |
| Remainder of title | a must-have for all IELTS candidates! / |
| Statement of responsibility, etc | Sam McCarter. |
| 264 #1 - PUBLICATION, DISTRIBUTION, ETC. (IMPRINT) | |
| Place of publication, distribution, etc | Oxford : |
| Name of publisher, distributor, etc | Macmillan Education, |
| Date of publication, distribution, etc | 2006. |
| 300 ## - PHYSICAL DESCRIPTION | |
| Extent | 64 pages : |
| Other physical details | illustrations ; |
| Dimensions | 21 cm |
| 336 ## - CONTENT TYPE | |
| Content type term | text |
| Content type code | txt |
| Source | rdacontent |
| 337 ## - MEDIA TYPE | |
| Media type term | unmediated |
| Media type code | n |
| Source | rdamedia |
| 338 ## - CARRIER TYPE | |
| Carrier type term | volume |
| Carrier type code | nc |
| Source | rdacarrier |
| 520 ## - SUMMARY, ETC. | |
| Summary, etc | Contains a test-by-test analysis of how to: tackle specific types of questions, increase speed and accuracy, avoid common mistakes, use appropriate language to maximise your score, monitor your own progress, and prepare for the exam.<br/> |
| 650 #7 - SUBJECT ADDED ENTRY--TOPICAL TERM | |
| Topical term or geographic name as entry element | International English Language Testing System. |
| Source of heading or term | BUEsh |
| 9 (RLIN) | 13550 |
| 650 #7 - SUBJECT ADDED ENTRY--TOPICAL TERM | |
| Topical term or geographic name as entry element | English language |
| Form subdivision | Textbooks for foreign speakers. |
| Source of heading or term | BUEsh |
| 651 ## - SUBJECT ADDED ENTRY--GEOGRAPHIC NAME | |
| Source of heading or term | BUEsh |
| 653 ## - INDEX TERM--UNCONTROLLED | |
| Resource For college | Humanities: English |
| Arrived date list | July2019 |
| 942 ## - ADDED ENTRY ELEMENTS (KOHA) | |
| Source of classification or shelving scheme | Dewey Decimal Classification |
| Koha item type | Book - Borrowing |
| Withdrawn status | Lost status | Source of classification or shelving scheme | Damaged status | Not for loan | Collection code | Home library | Current library | Shelving location | Date acquired | Source of acquisition | Cost, normal purchase price | Total Checkouts | Full call number | Barcode | Date last seen | Date checked out | Cost, replacement price | Price effective from | Koha item type | Total Renewals |
|---|---|---|---|---|---|---|---|---|---|---|---|---|---|---|---|---|---|---|---|---|
| Dewey Decimal Classification | Baccah | Central Library | Central Library | Second Floor | 29/09/2010 | 50.00 | 1 | 428.24076 MCC | 000022209 | 15/07/2025 | 27/02/2020 | 62.50 | 29/09/2010 | Book - Borrowing | ||||||
| Dewey Decimal Classification | Baccah | Central Library | Central Library | Second Floor | 29/09/2010 | 50.00 | 428.24076 MCC | 000022210 | 15/07/2025 | 62.50 | 29/09/2010 | Book - Borrowing | ||||||||
| Lost and Paid For | Dewey Decimal Classification | Baccah | Central Library | Central Library | Second Floor | 29/09/2010 | 50.00 | 3 | 428.24076 MCC | 000022211 | 22/11/2015 | 22/11/2015 | 62.50 | 29/09/2010 | Book - Borrowing | 5 | ||||
| Dewey Decimal Classification | Baccah | Central Library | Central Library | Second Floor | 29/09/2010 | 50.00 | 4 | 428.24076 MCC | 000022212 | 15/07/2025 | 29/09/2021 | 62.50 | 29/09/2010 | Book - Borrowing | ||||||
| Dewey Decimal Classification | Baccah | Central Library | Central Library | Second Floor | 29/09/2010 | 50.00 | 2 | 428.24076 MCC | 000022213 | 15/07/2025 | 13/05/2015 | 62.50 | 29/09/2010 | Book - Borrowing | 6 | |||||
| Dewey Decimal Classification | Baccah | Central Library | Central Library | Second Floor | 29/09/2010 | 50.00 | 2 | 428.24076 MCC | 000022234 | 15/07/2025 | 17/11/2016 | 62.50 | 29/09/2010 | Book - Borrowing | 2 | |||||
| Dewey Decimal Classification | Baccah | Central Library | Central Library | Second Floor | 29/09/2010 | 50.00 | 6 | 428.24076 MCC | 000022233 | 15/07/2025 | 19/11/2015 | 62.50 | 29/09/2010 | Book - Borrowing | 9 | |||||
| Dewey Decimal Classification | Baccah | Central Library | Central Library | Second Floor | 29/09/2010 | 50.00 | 5 | 428.24076 MCC | 000022232 | 12/02/2024 | 13/05/2015 | 62.50 | 29/09/2010 | Book - Borrowing | 9 | |||||
| Dewey Decimal Classification | Baccah | Central Library | Central Library | Second Floor | 29/09/2010 | 50.00 | 2 | 428.24076 MCC | 000022231 | 15/07/2025 | 03/10/2019 | 62.50 | 29/09/2010 | Book - Borrowing | 5 | |||||
| Dewey Decimal Classification | Baccah | Central Library | Central Library | Second Floor | 29/09/2010 | 50.00 | 2 | 428.24076 MCC | 000022230 | 15/07/2025 | 03/03/2016 | 62.50 | 29/09/2010 | Book - Borrowing | 3 | |||||
| Dewey Decimal Classification | Baccah | Central Library | Central Library | Second Floor | 29/09/2010 | 50.00 | 1 | 428.24076 MCC | 000022229 | 15/07/2025 | 08/02/2016 | 62.50 | 29/09/2010 | Book - Borrowing | 3 | |||||
| Dewey Decimal Classification | Baccah | Central Library | Central Library | Second Floor | 29/09/2010 | 50.00 | 4 | 428.24076 MCC | 000022228 | 15/07/2025 | 04/03/2024 | 62.50 | 29/09/2010 | Book - Borrowing | 9 |